[Event "London Classic Womens"]
[Site "London Olympia"]
[Date "2009.12.11"]
[Round "5"]
[White "Ikonomopoulou, Maria"]
[Black "Chevannes, Sabrina"]
[Result "1-0"]
[WhiteElo "2065"]
[BlackElo "2042"]
[PlyCount "59"]
[EventDate "2009.12.08"]
[EventType "tourn"]
[EventRounds "9"]
[EventCountry "ENG"]
[SourceDate "2009.12.09"]

1. d4 d5 2. c4 e6 3. Nf3 c6 4. Nc3 Nf6 5. e3 Nbd7 6. Qc2 Bd6 7. g4 Bb4 8. Bd2
Bxc3 9. Bxc3 a6 10. O-O-O b5 11. c5 a5 12. Be1 b4 13. g5 Ng8 14. h4 Ba6 15. Bh3
Ne7 16. h5 Qc7 17. Bg4 Qb7 18. Nd2 Bb5 19. Nb1 h6 20. f4 hxg5 21. fxg5 g6 22.
Bg3 gxh5 23. Bxh5 O-O-O 24. Bxf7 Rxh1 25. Rxh1 Nf5 26. Bf4 Nf8 27. Bxe6+ Nxe6
28. Qxf5 Qd7 29. Rh7 Ng7 30. Qe5 1-0

[Event "London Classic Womens"]
[Site "London Olympia"]
[Date "2009.12.12"]
[Round "6"]
[White "Smith, Olivia"]
[Black "Chevannes, Sabrina"]
[Result "1/2-1/2"]
[WhiteElo "2026"]
[BlackElo "2042"]
[PlyCount "64"]
[EventDate "2009.12.08"]
[EventType "tourn"]
[EventRounds "9"]
[EventCountry "ENG"]
[SourceDate "2009.12.09"]

1. e4 c6 2. d4 d5 3. Nd2 dxe4 4. Nxe4 Nd7 5. Nf3 Ngf6 6. Ng3 Qc7 7. Bd3 e6 8.
O-O c5 9. c3 Be7 10. Re1 b6 11. Ne5 Bb7 12. f4 g6 13. Qe2 Nxe5 14. fxe5 Nd5 15.
Bh6 g5 16. Bb5+ Bc6 17. Nh5 O-O-O 18. Bxc6 Qxc6 19. Bg7 Rhg8 20. Bf6 Bxf6 21.
Nxf6 Nxf6 22. exf6 Kb7 23. dxc5 Qxc5+ 24. Kh1 h6 25. Rad1 Qf5 26. Rf1 Rxd1 27.
Rxd1 Rc8 28. a4 Rc5 29. Rf1 Re5 30. Qc4 Rc5 31. Qe2 Re5 32. Qc4 Rc5 1/2-1/2

[Event "London Classic Womens"]
[Site "London Olympia"]
[Date "2009.12.12"]
[Round "6"]
[White "Winkelmann, Elena"]
[Black "Ikonomopoulou, Maria"]
[Result "0-1"]
[WhiteElo "2119"]
[BlackElo "2065"]
[PlyCount "52"]
[EventDate "2009.12.08"]
[EventType "tourn"]
[EventRounds "9"]
[EventCountry "ENG"]
[SourceDate "2009.12.09"]

1. d4 Nf6 2. c4 e6 3. Nf3 b6 4. a3 Ba6 5. Qc2 Bb7 6. Nc3 c5 7. e3 Be7 8. Be2
O-O 9. O-O d5 10. Rd1 Nbd7 11. b3 Rc8 12. Bb2 Bd6 13. Rac1 a6 14. Qb1 Qc7 15.
cxd5 exd5 16. a4 Qb8 17. Qf5 cxd4 18. Rxd4 Ne5 19. h3 Rfe8 20. Rcd1 Nxf3+ 21.
gxf3 Re5 22. Qd3 Rg5+ 23. Rg4 Nxg4 24. fxg4 Bc5 25. Kf1 Re8 26. Kg1 Rxe3 0-1

[Event "London Classic Womens"]
[Site "London Olympia"]
[Date "2009.12.12"]
[Round "6"]
[White "Caoili, Arianne"]
[Black "De Seroux, Camille"]
[Result "1-0"]
[WhiteElo "2206"]
[BlackElo "1989"]
[PlyCount "57"]
[EventDate "2009.12.08"]
[EventType "tourn"]
[EventRounds "9"]
[EventCountry "ENG"]
[SourceDate "2009.12.09"]

1. e4 c5 2. Nf3 d6 3. Nc3 Nf6 4. e5 dxe5 5. Nxe5 Nbd7 6. Nc4 g6 7. a4 Bg7 8. a5
O-O 9. Be2 Re8 10. Bf3 a6 11. d3 Qc7 12. O-O Ne5 13. Bf4 Nxf3+ 14. Qxf3 e5 15.
Bg5 Bg4 16. Qe3 Rad8 17. Ne4 Nxe4 18. Bxd8 Rxd8 19. dxe4 Be6 20. Nb6 f5 21.
Rfd1 Rd4 22. exf5 gxf5 23. c3 Rg4 24. f3 Rh4 25. Qg5 Rh6 26. Rd8+ Kf7 27. Rad1
Rg6 28. Qh4 Qc6 29. Nd5 1-0

[Event "London Classic Womens"]
[Site "London Olympia"]
[Date "2009.12.12"]
[Round "6"]
[White "Yurenok, Maria"]
[Black "Frick, Denise"]
[Result "1-0"]
[WhiteElo "1968"]
[BlackElo "1920"]
[PlyCount "82"]
[EventDate "2009.12.08"]
[EventType "tourn"]
[EventRounds "9"]
[EventCountry "ENG"]
[SourceDate "2009.12.09"]

1. d4 d5 2. c4 c6 3. Nf3 Nf6 4. Nc3 dxc4 5. a4 Bf5 6. Nh4 Bg6 7. Nxg6 hxg6 8.
e3 e6 9. Bxc4 Nbd7 10. a5 Qc7 11. h3 Bd6 12. Bd2 e5 13. Qb3 O-O 14. d5 Nc5 15.
Qc2 Kh8 16. O-O a6 17. e4 Ncd7 18. Rfc1 Rac8 19. Qd1 Nc5 20. Qe2 Qd8 21. dxc6
Rxc6 22. b4 Ncd7 23. Nd5 Rc8 24. Bb3 Nb8 25. Rxc8 Qxc8 26. Nxf6 gxf6 27. Bh6
Rd8 28. Bxf7 Kh7 29. Bd2 Nc6 30. Qe3 Kg7 31. Bd5 g5 32. Rc1 Qd7 33. Qb6 Nd4 34.
Kh2 Rb8 35. Be3 Nb5 36. Bc4 Nc7 37. Bc5 Bxc5 38. Qxc5 Rc8 39. Bd5 Rd8 40. Qxc7
Qxc7 41. Rxc7+ Kg6 1-0

[Event "London Classic Womens"]
[Site "London Olympia"]
[Date "2009.12.12"]
[Round "6"]
[White "Lalic, Susan"]
[Black "Van Weersel, Arlette"]
[Result "0-1"]
[WhiteElo "2310"]
[BlackElo "2193"]
[PlyCount "52"]
[EventDate "2009.12.08"]
[EventType "tourn"]
[EventRounds "9"]
[EventCountry "ENG"]
[SourceDate "2009.12.09"]

1. e4 e5 2. Nf3 Nc6 3. Nc3 Nf6 4. g3 h5 5. Bg2 Bc5 6. O-O d6 7. d3 h4 8. Na4
hxg3 9. hxg3 Bg4 10. Nxc5 dxc5 11. Be3 Qd7 12. Bxc5 O-O-O 13. b4 Rh5 14. b5 Ne7
15. Bxe7 Qxe7 16. Qd2 Kb8 17. Rab1 Rdh8 18. Nh4 g5 19. Nf5 Qe6 20. Ng7 Nxe4 21.
dxe4 Rh1+ 22. Bxh1 Qh6 23. f3 Qxh1+ 24. Kf2 Qxf3+ 25. Ke1 Qxe4+ 26. Kf2 Rh2+
0-1

[Event "London Classic Womens"]
[Site "London Olympia"]
[Date "2009.12.13"]
[Round "7"]
[White "Van Weersel, Arlette"]
[Black "Smith, Olivia"]
[Result "1-0"]
[WhiteElo "2193"]
[BlackElo "2026"]
[PlyCount "85"]
[EventDate "2009.12.08"]
[EventType "tourn"]
[EventRounds "9"]
[EventCountry "ENG"]
[SourceDate "2009.12.09"]

1. e4 e5 2. Bc4 Nf6 3. d3 Nc6 4. Nf3 Bc5 5. c3 d6 6. Bb3 O-O 7. Nbd2 Bb6 8. Nc4
Be6 9. O-O Bxc4 10. Bxc4 a6 11. Bb3 h6 12. Be3 Ba7 13. Bxa7 Rxa7 14. Qe2 Na5
15. Bc2 c5 16. d4 cxd4 17. cxd4 Nc6 18. dxe5 dxe5 19. Rad1 Qe7 20. a3 b5 21.
Bb3 Rc7 22. Ba2 Rfc8 23. Rd2 Na5 24. Nh4 Rc1 25. Nf5 Rxf1+ 26. Qxf1 Qc7 27. f3
Rd8 28. Qd1 Rxd2 29. Qxd2 Nc4 30. Qc3 Qb6+ 31. Kf1 g6 32. Ne7+ Kg7 33. Bxc4
bxc4 34. Qxe5 Kf8 35. Nc8 Qd8 36. Qd6+ Qxd6 37. Nxd6 c3 38. bxc3 Ke7 39. Nc4
Kd7 40. Ke2 Ne8 41. Kd3 Nc7 42. Ne3 Nb5 43. a4 1-0

[Event "London Classic Womens"]
[Site "London Olympia"]
[Date "2009.12.13"]
[Round "7"]
[White "Frick, Denise"]
[Black "Lalic, Susan"]
[Result "0-1"]
[WhiteElo "1920"]
[BlackElo "2310"]
[PlyCount "52"]
[EventDate "2009.12.08"]
[EventType "tourn"]
[EventRounds "9"]
[EventCountry "ENG"]
[SourceDate "2009.12.09"]

1. e4 e6 2. d4 d5 3. Nd2 Nf6 4. e5 Nfd7 5. f4 c5 6. c3 Nc6 7. Ndf3 Be7 8. Bd3
Qa5 9. Kf1 b5 10. Ne2 b4 11. Bd2 Ba6 12. Bc2 cxd4 13. cxd4 Rc8 14. g4 h5 15.
Rg1 hxg4 16. Rxg4 Rxh2 17. Rg2 Rh1+ 18. Rg1 Rh3 19. Rxg7 Rxf3+ 20. Kg2 Bxe2 21.
Qxe2 Nxd4 22. Qd1 Rxc2 23. Rc1 Rxc1 24. Qxc1 Qc5 25. Qg1 Qc4 26. Qd1 Qd3 0-1

[Event "London Classic Womens"]
[Site "London Olympia"]
[Date "2009.12.13"]
[Round "7"]
[White "De Seroux, Camille"]
[Black "Yurenok, Maria"]
[Result "1-0"]
[WhiteElo "1989"]
[BlackElo "1968"]
[PlyCount "55"]
[EventDate "2009.12.08"]
[EventType "tourn"]
[EventRounds "9"]
[EventCountry "ENG"]
[SourceDate "2009.12.09"]

1. e4 c5 2. Nf3 e6 3. d4 cxd4 4. Nxd4 Nc6 5. Nc3 Qc7 6. Be3 a6 7. Qd2 b5 8. f3
Bb7 9. O-O-O Nxd4 10. Bxd4 Ne7 11. Be5 Qc6 12. Qd4 f6 13. Bd6 Rc8 14. Rd2 Ng6
15. Bxf8 Rxf8 16. a4 bxa4 17. Nxa4 Rc7 18. Nb6 Ne7 19. Nc4 Kf7 20. Na5 e5 21.
Qb4 Qe6 22. Nxb7 Rxb7 23. Qxb7 Rc8 24. Kb1 Rc5 25. Qb3 d5 26. exd5 Nxd5 27.
Rxd5 Qxd5 28. Qxd5+ 1-0

[Event "London Classic Womens"]
[Site "London Olympia"]
[Date "2009.12.13"]
[Round "7"]
[White "Ikonomopoulou, Maria"]
[Black "Caoili, Arianne"]
[Result "0-1"]
[WhiteElo "2065"]
[BlackElo "2206"]
[PlyCount "73"]
[EventDate "2009.12.08"]
[EventType "tourn"]
[EventRounds "9"]
[EventCountry "ENG"]
[SourceDate "2009.12.09"]

1. d4 f5 2. Nf3 Nf6 3. c4 g6 4. g3 Bg7 5. Bg2 O-O $2 6. O-O $2 d6 7. Nc3 Nc6 8.
Rb1 e5 9. d5 Ne7 10. b4 h6 11. Ba3 g5 12. c5 f4 13. Nd2 fxg3 14. hxg3 Ng4 15.
Bf3 Qe8 16. Kg2 Qh5 17. Rh1 Qf7 18. Nde4 Ne3+ 19. fxe3 g4 20. cxd6 Nf5 21. Bc1
gxf3+ 22. exf3 cxd6 23. Qe2 Bd7 24. b5 Qg6 25. g4 h5 {both players were now
down to their last half-minute} 26. Rxh5 Nh6 27. Rg5 Qh7 28. Bd2 Nf7 29. Rh5
Qg6 30. Rbh1 Rac8 31. Nd1 Rc2 32. Ndf2 Rxa2 33. Nd3 Bxb5 34. Nc3 Qxd3 35. Qf2
Rb2 36. Kg3 a6 37. Kh4 {time} 0-1

[Event "London Classic Womens"]
[Site "London Olympia"]
[Date "2009.12.13"]
[Round "7"]
[White "Chevannes, Sabrina"]
[Black "Winkelmann, Elena"]
[Result "0-1"]
[WhiteElo "2042"]
[BlackElo "2119"]
[PlyCount "98"]
[EventDate "2009.12.08"]
[EventType "tourn"]
[EventRounds "9"]
[EventCountry "ENG"]
[SourceDate "2009.12.09"]

1. d4 d5 2. Nf3 c6 3. Bf4 Nf6 4. e3 Bg4 5. Be2 Nbd7 6. O-O e6 7. h3 Bxf3 8.
Bxf3 Be7 9. Nd2 O-O 10. c4 Re8 11. Qb3 Qb6 12. c5 Qxb3 13. axb3 Bf8 14. b4 e5
15. Bh2 a6 16. Nb3 g6 17. Na5 Ra7 18. Rfe1 Bg7 19. Rad1 h5 20. Kf1 Nh7 21. Be2
f5 22. g4 hxg4 23. hxg4 fxg4 24. Bxg4 Ndf6 25. Be2 exd4 26. exd4 Ng5 27. Bc7
Nfe4 28. f3 Rf8 29. Kg2 Nf6 30. Bd6 Rf7 31. Bd3 Kh7 32. Rh1+ Bh6 33. Rde1 Kg7
34. Be5 Ne6 35. Bc2 Bd2 36. Reg1 Be3 37. Re1 Bxd4 38. Bd6 Ng5 39. Bf4 Nfh7 40.
Be5+ Bxe5 41. Rxe5 Nxf3 42. Re6 Nf8 43. Re3 Nd4 44. Bd3 Nfe6 45. Bb1 Ra8 46.
Rhe1 Nf4+ 47. Kg1 Raf8 48. Rd1 Nfe2+ 49. Kh1 Rf1+ 0-1

[Event "London Classic Womens"]
[Site "London Olympia"]
[Date "2009.12.14"]
[Round "8"]
[White "Smith, Olivia"]
[Black "Winkelmann, Elena"]
[Result "1-0"]
[WhiteElo "2026"]
[BlackElo "2119"]
[PlyCount "79"]
[EventDate "2009.12.08"]
[EventType "tourn"]
[EventRounds "9"]
[EventCountry "ENG"]
[SourceDate "2009.12.09"]

1. d4 Nf6 2. c4 e6 3. Nf3 b6 4. Nc3 Bb7 5. Bg5 Bb4 6. a3 Bxc3+ 7. bxc3 O-O 8.
e3 d6 9. Bd3 Nbd7 10. O-O h6 11. Bh4 Qe8 12. Nd2 e5 13. Bc2 d5 14. Qf3 Rb8 15.
Qf5 g6 16. Qh3 Kg7 17. f4 e4 18. cxd5 Bxd5 19. c4 Be6 20. f5 Bxf5 21. Rxf5 gxf5
22. Rf1 Rg8 23. Rxf5 Qe6 24. d5 Qd6 25. Nxe4 Nxe4 26. Bxe4 Rbe8 27. Qg4+ Kh8
28. Qf3 Qxa3 29. h3 Qa1+ 30. Kh2 Rg7 31. Qf4 Kg8 32. Rh5 f6 33. Bf5 Nc5 34.
Bxf6 Qxf6 35. Bh7+ Kf7 36. Rf5 Ne4 37. Rxf6+ Nxf6 38. Bf5 Rg5 39. Be6+ Kg6 40.
Qxc7 1-0

[Event "London Classic Womens"]
[Site "London Olympia"]
[Date "2009.12.14"]
[Round "8"]
[White "Caoili, Arianne"]
[Black "Chevannes, Sabrina"]
[Result "1-0"]
[WhiteElo "2206"]
[BlackElo "2042"]
[PlyCount "107"]
[EventDate "2009.12.08"]
[EventType "tourn"]
[EventRounds "9"]
[EventCountry "ENG"]
[SourceDate "2009.12.09"]

1. e4 c6 2. c4 d5 3. exd5 Nf6 4. Nc3 cxd5 5. cxd5 Nxd5 6. Nf3 Nxc3 7. bxc3 g6
8. Bb5+ Bd7 9. Qb3 Bxb5 10. Qxb5+ Qd7 11. Qe5 f6 12. Qe2 Bg7 13. O-O Nc6 14.
Ba3 O-O 15. Rfe1 Rfe8 16. d4 e5 17. Qb5 e4 18. Nd2 f5 19. Rab1 b6 20. Nc4 Red8
21. Bd6 Na5 22. Qd5+ Qf7 23. Qxf7+ Kxf7 24. Ne5+ Ke6 25. Bb4 Bxe5 26. Bxa5 Bxd4
27. cxd4 bxa5 28. Rb5 Rd5 29. Rb7 Rxd4 30. Rxh7 Rd2 31. f3 Rxa2 32. fxe4 fxe4
33. Rxe4+ Kf5 34. Rhh4 g5 35. Rhg4 Rc8 36. h4 Rcc2 37. hxg5 Rxg2+ 38. Rxg2 Ra1+
39. Kh2 Kxe4 40. g6 Rb1 41. g7 Rb8 42. g8=Q Rxg8 43. Rxg8 Kd5 44. Rg5+ Kc6 45.
Rxa5 Kb6 46. Ra1 a5 47. Kg2 Kb5 48. Kf2 Kb4 49. Ke2 a4 50. Kd2 Kb3 51. Kc1 a3
52. Kb1 Ka4 53. Ka2 Kb4 54. Rh1 1-0

[Event "London Classic Womens"]
[Site "London Olympia"]
[Date "2009.12.14"]
[Round "8"]
[White "Yurenok, Maria"]
[Black "Ikonomopoulou, Maria"]
[Result "0-1"]
[WhiteElo "1968"]
[BlackElo "2065"]
[PlyCount "97"]
[EventDate "2009.12.08"]
[EventType "tourn"]
[EventRounds "9"]
[EventCountry "ENG"]
[SourceDate "2009.12.09"]

1. f4 d5 2. Nf3 Nf6 3. e3 c5 4. d4 Nbd7 5. c3 g6 6. Bd3 Bg7 7. O-O b6 8. Ne5
Bb7 9. Nd2 O-O 10. Qf3 Ne8 11. Qh3 Nxe5 12. fxe5 Nc7 13. Nf3 Ne6 14. Bd2 a6 15.
Rad1 b5 16. Bb1 Qb6 17. Kh1 a5 18. Be1 b4 19. Qh4 Qc7 20. dxc5 bxc3 21. Bxc3
Nxc5 22. Ng5 h6 23. Nf3 Rac8 24. Bd4 Ne4 25. Nd2 Nxd2 26. Rxd2 Kh7 27. Qf4 Ba6
28. Re1 Qd7 29. h4 Rc4 30. h5 Qe6 31. Qg3 Rfc8 32. hxg6+ fxg6 33. Rdd1 Rf8 34.
a3 a4 35. Bd3 Rc6 36. Bb1 Bc4 37. Rd2 Rf1+ 38. Rxf1 Bxf1 39. Bd3 Rc1 40. Kh2
Bxd3 41. Rxd3 Qf5 42. Rd2 Qf1 43. Qf2 Qh1+ 44. Kg3 h5 45. Qf4 Rc8 46. Bc3 Rf8
47. Qh4 Qe1+ 48. Kh3 Qxe3+ 49. Qg3 {etc (50 moves)} 0-1

[Event "London Classic Womens"]
[Site "London Olympia"]
[Date "2009.12.14"]
[Round "8"]
[White "Lalic, Susan"]
[Black "De Seroux, Camille"]
[Result "0-1"]
[WhiteElo "2310"]
[BlackElo "1989"]
[PlyCount "99"]
[EventDate "2009.12.08"]
[EventType "tourn"]
[EventRounds "9"]
[EventCountry "ENG"]
[SourceDate "2009.12.09"]

1. e4 c5 2. Nf3 d6 3. c3 Nf6 4. h3 Nc6 5. Bd3 g6 6. Bc2 Bg7 7. O-O O-O 8. a3 b6
9. d4 Ba6 10. Re1 Rc8 11. Be3 Na5 12. Nbd2 Nd7 13. b4 Nc4 14. Nxc4 Bxc4 15. Qd2
Qc7 16. Rac1 a5 17. Bh6 Ba6 18. e5 dxe5 19. Bxg7 Kxg7 20. dxe5 Rfd8 21. Qf4 h6
22. bxa5 bxa5 23. Qg4 Bb7 24. Be4 Nf8 25. Bxb7 Qxb7 26. e6 f6 27. h4 h5 28. Qa4
Qa6 29. Re3 Nxe6 30. Rce1 Rd6 31. Nd2 c4 32. Qc2 Kf7 33. Ne4 Rd3 34. Ng3 Rxe3
35. Rxe3 Rd8 36. Qe2 Rd3 37. Re4 Rxc3 38. Nxh5 Rc1+ 39. Kh2 Qd6+ 40. Ng3 c3 41.
h5 Nf8 42. hxg6+ Nxg6 43. Qh5 Kg7 44. Rg4 f5 45. f4 Qb6 46. Nxf5+ Kf7 47. Qh7+
Kf8 48. Qg7+ Ke8 49. Rxg6 Qg1+ 50. Kh3 {a long series of checks followed,
eventually ending in mate on a1} 0-1

[Event "London Classic Womens"]
[Site "London Olympia"]
[Date "2009.12.14"]
[Round "8"]
[White "Van Weersel, Arlette"]
[Black "Frick, Denise"]
[Result "1/2-1/2"]
[WhiteElo "2193"]
[BlackElo "1920"]
[PlyCount "122"]
[EventDate "2009.12.08"]
[EventType "tourn"]
[EventRounds "9"]
[EventCountry "ENG"]
[SourceDate "2009.12.09"]

1. e4 c5 2. Nf3 d6 3. d4 cxd4 4. Nxd4 Nf6 5. Nc3 Nc6 6. Bg5 e6 7. Qd2 a6 8.
O-O-O Bd7 9. f4 b5 10. a3 Qb6 11. e5 Qxd4 12. Qxd4 Nxd4 13. exf6 Nf5 14. fxg7
Bxg7 15. Ne4 h6 16. Bf6 Bxf6 17. Nxf6+ Ke7 18. Ne4 Bc6 19. Re1 Rac8 20. Bd3
Rhg8 21. g3 Nd4 22. Rhf1 f5 23. Nd2 Kf6 24. b3 Bb7 25. Kb2 d5 26. Re3 Rg7 27.
c3 Nc6 28. Rfe1 Re7 29. Nf3 Rcc7 30. Bc2 Bc8 31. b4 Nd8 32. Nd4 Nf7 33. Bd3 Nd6
34. Nb3 Ne4 35. Bxe4 dxe4 36. Nc5 Re8 37. Rd1 Ke7 38. Kc2 Rd8 39. Ree1 Rc6 40.
Rxd8 Kxd8 41. Kd2 Ke7 42. Ke3 Rd6 43. g4 fxg4 44. Nxe4 Rd5 45. Rg1 e5 46. fxe5
Rxe5 47. Kd4 Rh5 48. Rg2 Be6 49. Nc5 Bc8 50. Re2+ Kd8 51. c4 Rh3 52. a4 bxc4
53. Kxc4 Rf3 54. b5 axb5+ 55. axb5 Kc7 56. Na4 Rf4+ 57. Kb3 h5 58. b6+ Kb8 59.
Nc5 Rf6 60. Na4 h4 61. Kc3 g3 {etc} 1/2-1/2

[Event "London Classic Womens"]
[Site "London Olympia"]
[Date "2009.12.15"]
[Round "9"]
[White "Frick, Denise"]
[Black "Smith, Olivia"]
[Result "0-1"]
[WhiteElo "1920"]
[BlackElo "2026"]
[PlyCount "86"]
[EventDate "2009.12.08"]
[EventType "tourn"]
[EventRounds "9"]
[EventCountry "ENG"]
[SourceDate "2009.12.09"]

1. e4 e5 2. Nf3 Nf6 3. Nxe5 d6 4. Nf3 Nxe4 5. d4 d5 6. Bd3 Be7 7. O-O Nc6 8. c4
Nf6 9. h3 O-O 10. Nc3 Nb4 11. Be2 dxc4 12. Bxc4 Nbd5 13. Re1 c6 14. Ne5 Bb4 15.
Qd3 Be6 16. a3 Ba5 17. Bg5 h6 18. Bd2 Bc7 19. Ba2 Re8 20. Nxd5 Bxd5 21. Bb1 c5
22. Ng4 Rxe1+ 23. Bxe1 Nxg4 24. hxg4 g6 25. dxc5 Qe7 26. Bd2 Re8 27. Be3 Qe5
28. g3 Qxb2 29. Qxd5 Qxa1 30. Qd3 Rd8 31. Qc2 Qxa3 32. Bxh6 Be5 33. Ba2 Qd3 34.
Qa4 Qd1+ 35. Qxd1 Rxd1+ 36. Kg2 Bd4 37. Bd5 Bxc5 38. Bxb7 Rb1 39. Bd5 Rb2 40.
Kf3 Rxf2+ 41. Ke4 a5 42. Bb3 Bd6 43. Kd5 Bxg3 0-1

[Event "London Classic Womens"]
[Site "London Olympia"]
[Date "2009.12.15"]
[Round "9"]
[White "De Seroux, Camille"]
[Black "Van Weersel, Arlette"]
[Result "1-0"]
[WhiteElo "1989"]
[BlackElo "2193"]
[PlyCount "65"]
[EventDate "2009.12.08"]
[EventType "tourn"]
[EventRounds "9"]
[EventCountry "ENG"]
[SourceDate "2009.12.09"]

1. e4 d5 2. exd5 Qxd5 3. Nc3 Qa5 4. d4 c6 5. Bd2 Qc7 6. Bc4 Nf6 7. Qe2 Nbd7 8.
Nf3 Nb6 9. Bb3 e6 10. Ne5 Bd6 11. O-O-O Nfd5 12. Ne4 Bxe5 13. dxe5 Qxe5 14. c4
Nf6 15. Bg5 Nbd7 16. Nd6+ Kf8 17. Qd2 Qc5 18. Be3 Qh5 19. Qb4 a5 20. Qd2 h6 21.
h3 a4 22. Bc2 a3 23. bxa3 Ke7 24. Qb4 c5 25. Qb2 b6 26. Bf4 e5 27. g4 Nxg4 28.
hxg4 Qxg4 29. Bxe5 Nxe5 30. Qxe5+ Be6 31. Rhg1 Qf3 32. Nf5+ Ke8 33. Nxg7+ 1-0

[Event "London Classic Womens"]
[Site "London Olympia"]
[Date "2009.12.15"]
[Round "9"]
[White "Ikonomopoulou, Maria"]
[Black "Lalic, Susan"]
[Result "0-1"]
[WhiteElo "2065"]
[BlackElo "2310"]
[PlyCount "72"]
[EventDate "2009.12.08"]
[EventType "tourn"]
[EventRounds "9"]
[EventCountry "ENG"]
[SourceDate "2009.12.09"]

1. e4 c6 2. d4 d5 3. e5 c5 4. dxc5 Nc6 5. Nf3 Bg4 6. Bb5 e6 7. b4 Nge7 8. Bb2
Ng6 9. O-O Be7 10. Nbd2 O-O 11. Bxc6 bxc6 12. h3 Bxf3 13. Nxf3 a5 14. a3 Qb8
15. Bc3 Qb7 16. Qd2 Ra6 17. Rfe1 Rfa8 18. Qd4 Bd8 19. Nd2 Ne7 20. g4 Nc8 21.
Nb3 Na7 22. Qd3 Nb5 23. Bb2 axb4 24. axb4 Ra2 25. Rxa2 Rxa2 26. c4 Nc7 27. Bc3
Bh4 28. Re2 dxc4 29. Qxc4 Rxe2 30. Qxe2 Nd5 31. Qd2 Qa6 32. Na5 h6 33. Bd4 Qb5
34. Bc3 Bg5 35. Qe1 Qd3 36. b5 Qxb5 {White attempted to make an illegal move,
short of time, and resigned.} 0-1

[Event "London Classic Womens"]
[Site "London Olympia"]
[Date "2009.12.15"]
[Round "9"]
[White "Chevannes, Sabrina"]
[Black "Yurenok, Maria"]
[Result "1/2-1/2"]
[WhiteElo "2042"]
[BlackElo "1968"]
[PlyCount "113"]
[EventDate "2009.12.08"]
[EventType "tourn"]
[EventRounds "9"]
[EventCountry "ENG"]
[SourceDate "2009.12.09"]

1. d4 e6 2. Nf3 f5 3. g3 Nf6 4. Bg2 d5 5. O-O Bd6 6. c4 c6 7. b3 Qe7 8. Bb2 O-O
9. Nbd2 b6 10. Ne5 Bb7 11. Rc1 a5 12. Nd3 Na6 13. Nf3 Nb4 14. c5 bxc5 15. dxc5
Bc7 16. a3 Nxd3 17. exd3 Nd7 18. b4 axb4 19. axb4 e5 20. Re1 e4 21. Nd4 Qf7 22.
f4 exf3 23. Nxf3 Rae8 24. Rc2 f4 25. g4 Re3 26. Bd4 Rfe8 27. Rce2 Rxe2 28. Rxe2
h5 29. Ng5 Qg6 30. Rxe8+ Qxe8 31. gxh5 Nf6 32. Bf3 Be5 33. Bf2 Bc8 34. Qe2 Bd7
35. d4 Bc7 36. Qxe8+ Bxe8 37. Ne6 Bb8 38. Bh4 Nxh5 39. Nd8 Nf6 40. b5 cxb5 41.
Bxf6 gxf6 42. Bxd5+ Kf8 43. Kf2 b4 44. Nc6 Bxc6 45. Bxc6 b3 46. Bd5 b2 47. Ba2
Ke7 48. Kf3 f5 49. Bb1 Ke6 50. Ba2+ Kf6 51. h4 Kg6 52. Bb1 Kh5 53. Bxf5 Kxh4
54. d5 Kg5 55. Bb1 Kf6 56. d6 Ke5 57. Be4 1/2-1/2

[Event "London Classic Womens"]
[Site "London Olympia"]
[Date "2009.12.15"]
[Round "9"]
[White "Winkelmann, Elena"]
[Black "Caoili, Arianne"]
[Result "0-1"]
[WhiteElo "2119"]
[BlackElo "2206"]
[PlyCount "86"]
[EventDate "2009.12.08"]
[EventType "tourn"]
[EventRounds "9"]
[EventCountry "ENG"]
[SourceDate "2009.12.09"]

1. d4 f5 2. e4 fxe4 3. Nc3 Nf6 4. Bg5 Nc6 5. d5 Ne5 6. Qe2 Nf7 7. h4 c6 8.
O-O-O Nxd5 9. Nxe4 Qa5 10. c4 Nc7 11. Rh3 d5 12. Ra3 Qb4 13. Rb3 Qxc4+ 14. Qxc4
dxc4 15. Bxc4 b6 16. Bxf7+ Kxf7 17. Nf3 Be6 18. Ne5+ Ke8 19. Rc3 c5 20. Rcd3
Bf5 21. f3 Nb5 22. Nc6 Nd4 23. Nxd4 cxd4 24. Rxd4 Rc8+ 25. Nc3 h6 26. Bf4 g5
27. Be5 Rg8 28. g4 Be6 29. hxg5 Rxg5 30. Bf4 Ra5 31. Kb1 Bg7 32. Re4 Bg8 33.
Rde1 Bh7 34. Ka1 Bxe4 35. Nxe4 Kf8 36. Kb1 Rb5 37. b3 Rd5 38. g5 hxg5 39. Nxg5
Bf6 40. Nh7+ Kf7 41. Nxf6 exf6 42. Bc1 Re5 43. Rh1 Re2 0-1